Realitný trh a jeho predpokladaný vývoj

Analýza súčasného stavu realitného trhu na Slovensku a jeho vývoj do budúcnosti. Základné súvislosti vývoja cien nehnuteľností. Vývoj cien domov a bytov na Slovensku v posledných rokoch. Predpoklady oživenia realitného trhu. Stagnujúci realitný development, klesajúci realitný trh, odumierajúci stave...

Descripción completa

Guardado en:
Detalles Bibliográficos
Autor principal: Jakubec, Miroslav
Otros Autores: Kardoš, Peter
Formato: Capítulo de libro
Lenguaje:eslovaco
Materias:
Etiquetas: Agregar Etiqueta
Sin Etiquetas, Sea el primero en etiquetar este registro!

MARC

LEADER 00000nla$a2200000$$$4500
001 0114211
005 20240502072254.9
041 0 |a slo 
044 |a SK 
245 1 0 |a Realitný trh a jeho predpokladaný vývoj  |c Miroslav Jakubec, Peter Kardoš 
520 |a Analýza súčasného stavu realitného trhu na Slovensku a jeho vývoj do budúcnosti. Základné súvislosti vývoja cien nehnuteľností. Vývoj cien domov a bytov na Slovensku v posledných rokoch. Predpoklady oživenia realitného trhu. Stagnujúci realitný development, klesajúci realitný trh, odumierajúci stavebný sektor a utlmený dopyt môže rozhýbať iba zmena na globálnej úrovni. 
610 2 0 |a kríza hospodárska 
610 2 0 |a trh 
610 2 0 |a nehnuteľnosti 
610 2 0 |a výstavba bytová 
610 2 0 |a predaj 
610 2 0 |a byty 
610 2 0 |a ceny 
610 2 0 |a Slovensko 
100 1 |a Jakubec, Miroslav 
700 1 |a Kardoš, Peter